000 00276nam a2200121 a 4500
008 101022s1962|||| d
245 1 0 _aNávrat z hvězd
100 1 _aLem, Stanislaw
044 _aCZ
041 _acze
260 _bMladá Fronta
_aPraha
_c1962
020 _c13,60
999 _c12093
_d12093